000
00311nam a2200121Ia 4500
008
190216s9999||||xx |||||||||||||| ||und||
100
_a
Pattanshetti C &reddy
245
0
_a
Company Secretarial Practise
260
_b
Prentice Hall Of India Pvt Ltd
_c
1981
300
_a
365p
650
_a
Commerce
942
_c
BK
999
_c
5014
_d
5014